Bruges la Divine (Record no. 38862)

MARC details
000 -LEADER
campo de control de longitud fija 00901nam a2200253 i 4500
001 - NÚMERO DE CONTROL
campo de control 38862
003 - IDENTIFICADOR DE NÚMERO DE CONTROL
campo de control ES-MaACL
005 - FECHA Y HORA DE LA ÚLTIMA TRANSACCIÓN
campo de control 20251015063051.0
007 - CAMPO FIJO DE DESCRIPCIÓN FÍSICA--INFORMACIÓN GENERAL
campo de control de longitud fija t|
008 - DATOS DE LONGITUD FIJA--INFORMACIÓN GENERAL
campo de control de longitud fija 030226s1928 be cf |||| | fre d
100 1# - ENTRADA PRINCIPAL--NOMBRE DE PERSONA
Nombre de persona Campón, Pedro,
Fechas asociadas al nombre 1887-1941
9 (RLIN) 34237
245 10 - MENCIÓN DEL TÍTULO
Título Bruges la Divine
Resto del título : eti-esthétique, paix universelle /
Mención de responsabilidad, etc. par Pedro Campón Polo.
260 ## - PUBLICACIÓN, DISTRIBUCIÓN, ETC.
Lugar de publicación, distribución, etc. Paris :
Nombre del editor, distribuidor, etc. [s. n.],
Fecha de publicación, distribución, etc. 1928 (
Lugar de fabricación/manufactura Bruxelles :
Fabricante Les Arts Gráfiques)
300 ## - DESCRIPCIÓN FÍSICA
Extensión 117 p., [4] h. de lám. ;
Dimensiones 18 cm.
500 ## - NOTA GENERAL
Nota general Catálogo de obras de Pedro Campón.
501 ## - NOTA DE CON
Nota de "Con" Carta de W. Zotter, en alemán.
505 8# - NOTA DE CONTENIDO CON FORMATO
Nota de contenido con formato Contiene también: ;
Título La tragédie humaine ;
-- Los doce puntos
546 ## - NOTA DE IDIOMA
Nota de lengua/lenguaje Texto en francés y español.
599 ## - NOTA A LAS ILUSTRACIONES
NOTA A LAS ILUSTRACIONES Lám. con obras del autor.
740 3# - ENTRADA AGREGADA--TÍTULO RELACIONADO/ANALÍTICO NO CONTROLADO
Título relacionado o analítico no controlado La tragédie humaine.
740 4# - ENTRADA AGREGADA--TÍTULO RELACIONADO/ANALÍTICO NO CONTROLADO
Título relacionado o analítico no controlado Los doce puntos.
852 ## - LOCALIZACIÓN
Ubicación ES-MaACL
Número de control de estantería B-3791
Nota libre . - hol. roja
Holdings
Estatus retirado Estado de pérdida Estado de daño No para préstamo Biblioteca de origen Biblioteca actual Ubicación en estantería Fecha de adquisición Fuente de adquisición Total de préstamos Signatura topográfica completa Código de barras Visto por última vez Precio de reemplazo Tipo de ítem Koha
        Biblioteca del Ateneo de Madrid Biblioteca del Ateneo de Madrid Sala Pardo Bazán 17/01/2008     B-3791 1040922 23/02/2023 23/02/2023 Libro impreso